Sports Quiz

Random Sports or Clickable Quiz
Score 0/30 Timer 10:00
0 Plays Today
% Correct
Athletics
86.1%
Braves
85.1%
Giants
85.1%
Red Sox
85.1%
Orioles
84.2%
Yankees
84.2%
Dodgers
83.2%
Twins
83.2%
Blue Jays
82.2%
Padres
81.2%
Nationals
81.2%
Rays
81.2%
Cubs
80.2%
Mariners
80.2%
Tigers
78.2%
% Correct
Diamondbacks
77.2%
Rockies
77.2%
Angels
77.2%
Rangers
76.2%
Cardinals
75.2%
Astros
75.2%
Royals
75.2%
Marlins
74.3%
Pirates
73.3%
Brewers
69.3%
White Sox
68.3%
Mets
65.3%
Phillies
64.4%
Indians
63.4%
Reds
57.4%
Remove Ads.
Support Sporcle.
Get the best of Sporcle when you Go Orange. This ad-free experience offers more features, more stats, and more fun while also helping to support Sporcle. Thank you for becoming a member.

You're not logged in!

Compare scores with friends on all Sporcle quizzes.
OR
Log In

Show Comments

Extras

Top Quizzes Today


Score Distribution

Your Account Isn't Verified!

In order to create a playlist on Sporcle, you need to verify the email address you used during registration. Go to your Sporcle Settings to finish the process.

Report this User

Report this user for behavior that violates our Community Guidelines.

Details: